The Poop Quiz Stats

 Plays Quiz not verified by Sporcle

Also try: 'High' Things
Challenge
Share
Tweet
Embed
Score 0/8 Timer 05:00
0 Plays Today
% Correct
Patties
79.1%
Droppings
69.4%
Guano
65.4%
Roadapple
54.7%
Castings
41.5%
Frass
29%
Spraint
26.7%
Fewmets
19.9%

You're not logged in!

Compare scores with friends on all Sporcle quizzes.
Join for Free
OR
Log In

You Might Also Like...

Show Comments

Extras

Top Quizzes Today


Score Distribution

Your Account Isn't Verified!

In order to create a playlist on Sporcle, you need to verify the email address you used during registration. Go to your Sporcle Settings to finish the process.

Report this User

Report this user for behavior that violates our Community Guidelines.

Details: